Wireless and mobile network architectures (Record no. 566821)
[ view plain ]
| 000 -LEADER | |
|---|---|
| fixed length control field | 00521nam a22001817a 4500 |
| 003 - CONTROL NUMBER IDENTIFIER | |
| control field | CEME |
| 005 - DATE AND TIME OF LATEST TRANSACTION | |
| control field | 20210628201708.0 |
| 008 - FIXED-LENGTH DATA ELEMENTS--GENERAL INFORMATION | |
| fixed length control field | 210204b xxu||||| |||| 00| 0 eng d |
| 020 ## - INTERNATIONAL STANDARD BOOK NUMBER | |
| International Standard Book Number | 9971-51-366-8 |
| 040 ## - CATALOGING SOURCE | |
| Transcribing agency | . |
| 082 ## - DEWEY DECIMAL CLASSIFICATION NUMBER | |
| Classification number | 621.3845 LIN |
| 100 ## - MAIN ENTRY--PERSONAL NAME | |
| Personal name | Lin, Yi-Bing ,Chlamtac, Imrich |
| 9 (RLIN) | 56384 |
| 245 ## - TITLE STATEMENT | |
| Title | Wireless and mobile network architectures |
| 260 ## - PUBLICATION, DISTRIBUTION, ETC. | |
| Place of publication, distribution, etc. | NEW YORK |
| Name of publisher, distributor, etc. | JOHN WILEY & SONS |
| Date of publication, distribution, etc. | 2001 |
| 300 ## - PHYSICAL DESCRIPTION | |
| Extent | XXIII,532P |
| 650 ## - SUBJECT ADDED ENTRY--TOPICAL TERM | |
| Topical term or geographic name entry element | WIRELESS COMMUNICATION.MOBILE NETWORK ARCHITECTURES |
| 9 (RLIN) | 56385 |
| 942 ## - ADDED ENTRY ELEMENTS (KOHA) | |
| Koha item type | Book |
| Source of classification or shelving scheme | |
| Withdrawn status | Lost status | Damaged status | Not for loan | Permanent Location | Current Location | Shelving location | Date acquired | Total Checkouts | Full call number | Barcode | Date last seen | Price effective from | Koha item type |
|---|---|---|---|---|---|---|---|---|---|---|---|---|---|
| College of Electrical & Mechanical Engineering (CEME) | College of Electrical & Mechanical Engineering (CEME) | General Stacks | 07/11/2017 | 621.3845 LIN | CEME-40538 | 06/28/2021 | 06/28/2021 | Book |
